All Finnish Premier League Players Ever - Statistics

General Stats
  • This quiz has been taken 30 times
  • The average score is 8 of 19
Answer Stats
Position Clubs Years Player % Correct
ATT Norwich 2019-20, 2021-22 Teemu Pukki
93%
DEF Liverpool 1999-2009 Sami Hyypia
81%
MID/ATT Liverpool 2000-02 Jari Litmanen
70%
GK Bolton, West Ham 2001-15 Jussi Jaaskelainen
59%
ATT Chelsea, Birmingham 1998-99, 2001-02, 2003-06, 2007-08 Mikael Forssell
59%
ATT Brentford 2021-22 Marcus Forss
52%
GK Southampton, Fulham 2002-08 Antti Niemi
44%
ATT Blackburn, Fulham, Newcastle 2005-08, 2010-11 Shefki Kuqi
41%
MID Spurs, Sunderland, Birmingham 2005-10 Teemu Tainio
41%
ATT Charlton 2000-06 Jonatan Johansson
37%
GK Aston Villa, Blackburn 1999-2000, 2001-04 Peter Enckelman
37%
MID Crystal Palace 2004-05 Aki Riihilahti
33%
MID Crystal Palace 2004-05 Joonas Kolkka
30%
ATT Bolton 1995-96 Mixu Paatelainen
30%
DEF Portsmouth 2003-04 Petri Pasanen
26%
DEF West Ham 2000-01 Hannu Tihinen
22%
MID Derby 2000-02 Simo Valakari
19%
DEF Fulham 2008-10 Toni Kallio
19%
MID Chelsea 2023-24 Jimi Tauriainen
15%
No matching quizzes found
Score Distribution
Percent of People with Each Score
Percentile by Number Answered
Your Score History
You have not taken this quiz